Aprendiendo juntos, vivencias en investigación participativa

Bibliographic Details
Main Author: Lammerink, Marc P.
Format: Section = Libro
Language:Undetermined
Spanish
Published: Nicaragua Vanguardia 1995
Subjects:
LEADER 00551nam a2200193Ia 4500
008 240830s9999 xx 000 0 und d
040 |a B-ESTELÍ- RUACS / 304 L291 
041 |a spa 
082 |a 304 L291 
100 1 |a Lammerink, Marc P. 
245 1 0 |a Aprendiendo juntos, vivencias en investigación participativa 
260 |a Nicaragua  |b Vanguardia  |c 1995 
300 |a 357 p. 
650 7 |a INVESTIGACION APLICADA 
650 7 |b  INVESTIGACION CIENTIFICA 
650 7 |c  INVESTIGACION EN CIENCIAS SOCIALES 
942 |c BK  |2 ddc 
991 |a TEXTO 
999 |c 10667